Statistics for Nicknames for NBA players #1

Click here to take the quiz!

General Stats

  • This quiz has been taken 22 times
  • The average score is 7 of 22

Answer Stats

NicknameAnswer% Correct
C-WebbChris Webber
94%
The GloveGary Payton
94%
FlashDwyane Wade
76%
Big BenBen Wallace
65%
The IcemanGeorge Gervin
59%
The MatrixShawn Marion
53%
AK47Andre Kirilenko
47%
TobiTobias Harris
47%
Hot RodJohn Williams
35%
Mini LebronEric Bledsoe
29%
BogeyBojan Bogdanovic
24%
The MircowaveVinnie Johnson
24%
Splash MountainBrook Lopez
18%
The CavemanChris Kaman
18%
Money MikeMike Conley
18%
The BladeAlex English
6%
Black HoleKevin Mchale
6%
Fast PPPayton Pritchard
6%
The TeacherAdrien Dantley
0%
J.RIsaiah Rider
0%
Josh BarkleyJosh Hart
0%
Fin DawgMichael Finlay
0%

Score Distribution

Percentile by Number Answered

Percent of People with Each Score

Your Score History

You have not taken this quiz